Verbos en Inglés - Estadísticas

Estadísticas generales
  • Esta prueba ha sido intentada 9.228 veces
  • La puntuación promedio es 27 de 28
Estadísticas de respuestas
Inglés Español % Correcto
dance bailar
99%
drink beber
99%
sing cantar
99%
eat comer
99%
sleep dormir
99%
play jugar
99%
buy comprar
98%
run correr
98%
write escribir
98%
listen escuchar
98%
talk hablar
98%
go ir
98%
work trabajar
98%
live vivir
98%
swim nadar
97%
see ver
97%
count contar
96%
smoke fumar
96%
do hacer
96%
pay pagar
96%
travel viajar
96%
fly volar
96%
drive guiar
95%
think pensar
95%
teach enseñar
94%
want querer
94%
sell vender
91%
spend gastar
84%
No se encontraron pruebas coincidentes
Distribución de puntuación
Porcentaje de gente con cada puntuación
Porcentaje por número respondido
Historial de tus puntuaciones
No has intentado esta prueba.